| 000 | 00381nam a22001217a 4500 | ||
|---|---|---|---|
| 082 | _a200 THE | ||
| 100 |
_aSadia Younis _970232 |
||
| 245 | _aTH-SOF-1415-Multiresponse Optimization of a RF-MEMS Switch Considering Residual Stress | ||
| 260 |
_aIslamabad _bNUST College of EME _c2017 |
||
| 650 | _a MS-ELECT-83 MSTHESIS | ||
| 700 |
_aSupervisor Dr Tahir Zaidi _969770 |
||
| 942 | _cCF | ||
| 999 |
_c577239 _d577239 |
||